| 000 | 00459nam a22001697a 4500 | ||
|---|---|---|---|
| 005 | 20241213155829.0 | ||
| 008 | 241213b ||||| |||| 00| 0 eng d | ||
| 040 | _cAL | ||
| 041 | _aEnglish | ||
| 082 |
_223 _a348.04 _bEASS |
||
| 100 |
_aEastern Book Company _9190858 |
||
| 245 | _aSupreme Court Cases 1990 | ||
| 260 |
_aLucknow _bEastern Book Company _c2016 |
||
| 650 |
_aLaw _9190845 |
||
| 650 |
_aMode of Citation (1990) 4 SCC _9190846 |
||
| 942 |
_2ddc _cBI |
||
| 999 |
_c232854 _d232854 |
||